00772nam a2200205 i 450000100060000000300090000600500170001500700030003200800410003510000390007624501180011525000460023326000300027930000220030970000240033170000400035585200320039599900170042795201220044436546ES-MaACL20230906155406.0t|030218s1966 sp ||||1| spa d1 aBrown, Ernest Henry Phelps.93198710aCurso de economía aplicada / cpor Ernest Henry Phelps Brown y J. Wiseman ; versión Gerardo Guinea Rodriguez. a1ª ed. española de la 2ª ed. inglesa. aMadrid : bCOMPI, c1966. a506 p. ; c22 cm.1 aWiseman, J.91171471 aGuinea Rodríguez, Gerardo.960864 aES-MaACLjC-31568 bR.61453 c36546d36546 00104070aATENEOMbATENEOMcDEPO2d2008-01-17eSCl0oC-31568p1038399r2023-02-23 00:00:00w2023-02-23yMONOGRAFIA